| 000 | 00568nam a2200241 a 4500 | ||
|---|---|---|---|
| 001 | nice12345678 | ||
| 003 | IN_TiNIC | ||
| 005 | 20260116011734.0 | ||
| 008 | 050524s1972 luca grp 000 0 urd | ||
| 020 |
_a _c1 |
||
| 082 | 0 | 0 |
_a232.9 _bCLA1 |
| 100 | _aClark, Maureen | ||
| 245 | _aHayat-E-Masih | ||
| 260 |
_aLucknow _bHenry Martyn Institute _c1972 |
||
| 300 | _a119p | ||
| 500 | _aincludes index and biblioraphy | ||
| 505 | 2 | _aindex | |
| 650 | _aJesus Christ-Biography | ||
| 700 | 1 | _aClark, Maureen | |
| 902 | _bSRS | ||
| 942 | _cBK | ||
| 999 |
_c3608 _d3608 |
||